Classement perpétuel Ligue 1 : 2024 - Statistiques

Statistiques générales
  • Ce quiz a été pris 141 fois
    81 depuis la dernière actualisation
  • Le résultat moyen est 46 sur 77
Statistiques - réponses
Dernière année en Ligue 1 Nombre de saisons dans cette ligue Réponse % Correct
En cours 74 OM / Olympique de Marseille / Marseille
100%
2022 69 ASSE / Saint Etienne
98%
En cours 51 PSG / Paris saint Germain / Paris
98%
En cours 65 Nice
97%
2022 69 Girondins de Bordeaux / Bordeaux
95%
En cours 65 OL / Olympique Lyonnais / Lyon
95%
En cours 63 Strasbourg
95%
En cours 64 Lille / LOSC
94%
En cours 65 Monaco
94%
En cours 67 Stade rennais FC / Rennes
92%
En cours 62 Lens
91%
En cours 42 Montpellier
91%
1943 7 Olympique Lillois / Lille
91%
En cours 39 Reims / Stade de Reims
91%
En cours 34 Toulouse FC / Toulouse
91%
1967 19 Toulouse / Toulouse FC
91%
En cours 64 Metz / FC Metz
88%
En cours 56 Nantes
86%
En cours 17 Lorient
85%
En cours 18 Brest / stade brestois
83%
En cours 3 Clermont-Ferrand / Clermont
82%
1934 2 CA Paris-Charenton / Paris
80%
1979 3 Paris FC / Paris
80%
En cours 25 Le Havre
77%
2023 33 AJ Auxerre / Auxerre
76%
2023 31 Angers
76%
2019 18 Caen
74%
2023 14 Ajaccio / AC Ajaccio
73%
2020 3 Amiens
73%
2016 1 Gazélec FC Ajaccio / Ajaccio
73%
2010 4 Grenoble
73%
2014 66 Sochaux Montbéliard / Sochaux
73%
2017 34 Bastia
70%
2015 4 Evian Thonon / Evian
70%
2021 6 Dijon FCO / Dijon
68%
2019 13 Guingamp / En avant Guingamp / EA Guingamp
67%
2021 36 Nimes
67%
1935 3 SC Nimes / Nimes
67%
2014 33 Valenciennes
67%
1978 8 Troyes AF / Troyes
62%
2023 11 Troyes / ESTAC de Troyes
62%
1963 15 FC Nancy / Nancy
61%
2017 30 Nancy
61%
2010 6 Le Mans
59%
1946 1 Lyon OU / Lyon
59%
1975 16 Red Star
58%
1998 22 Cannes / AS Cannes
55%
1989 13 Laval / Stade Lavallois
55%
1985 19 Rouen
55%
1985 4 Tours
55%
2007 23 Sedan
45%
1993 12 Toulon / SC Toulon
45%
2011 1 AC Arlésien / Arles
41%
1988 1 Chamois niortais / Niort
41%
1955 10 CO Roubaix-Tourcoing / Roubaix
41%
1942 3 RC Roubaix / Roubaix
41%
1998 1 LB Châteauroux / Châteauroux
39%
2010 1 US Boulogne / Boulogne
39%
1954 16 Sète / SC Sète
38%
1976 1 AC Avignonnais / Avignon
33%
1990 6 Mulhouse
32%
1949 1 Stadium Racing Colmar / Colmar
32%
2005 1 Istres FC / Istres
30%
1961 3 Limoges
27%
1996 3 Martigues
26%
1968 1 AS Aix en Provence / Aix en Provence
24%
1958 1 AS Béziers / Béziers
23%
1996 1 FC Gueugnon / Gueugnon
15%
1933 1 Hyères FC / Hyères
15%
1972 3 Angoulême
12%
1940 7 Antibes
12%
1967 15 Stade français
11%
1959 6 Olympique d'Alès / Alès
6%
1990 30 Racing club de France / France
6%
1933 1 Club Français / France
3%
1945 7 Excelsior AC / Excelsior
3%
1943 7 SC Fives / Fives
3%
Aucun quiz correspondant
Distribution des résultats
% des personnes avec chaque résultat
Percentile par nombre de réponses
Votre historique - résultats
Vous n’avez pas pris ce quiz depuis la dernière actualisation